| 000 | 00632nam a22001697a 4500 | ||
|---|---|---|---|
| 003 | 0 | ||
| 005 | 20250926161854.0 | ||
| 008 | 250926b xxu||||| |||| 00| 0 eng d | ||
| 020 | _a978-1-032-18708-2 | ||
| 050 |
_aHD 60 _b.A67 2024 |
||
| 245 |
_aApproaches to corporate social responsibility : _bknowledge, values, and actions / _cedited by Stefan Markovic, Adam Lindgreen, Nikolina Koporcic, and Milena Micevski. |
||
| 260 |
_aNew York, NY : _bRoutledge, _c2024. |
||
| 300 |
_axxxv, 277 pages ; _c23 cm. |
||
| 504 | _aIncludes bibliographical references and index. | ||
| 650 | _aSocial responsibility of business. | ||
| 942 |
_2lcc _cBK |
||
| 999 |
_c368119 _d368119 |
||